Pokémon - Les attaques de Terracool - Statistiques

Statistiques générales
  • Ce quiz a été pris 7 fois
  • Le résultat moyen est 14 sur 17
Statistiques - réponses
Niveaux Types Noms des attaques % Correct
Niveau 28 Spectre Châtiment
100%
Départ Sol Coud'Boue
100%
Niveau 44 Plante Giga-Sangsue
100%
Départ Normal Ligotage
100%
Niveau 16 Plante Méga-Sangsue
100%
Niveau 8 Plante Para-Spore
100%
Niveau 8 Poison Poudre Toxik
100%
Niveau 36 Plante Spore
100%
Niveau 48 Sol Telluriforce
100%
Niveau 24 Sol Tir de Boue
100%
Niveau 4 Plante Vol-Vie
100%
Niveau 32 Plante Canon Graine
75%
Niveau 52 Plante Mégafouet
75%
Niveau 40 Normal Croissance
50%
Niveau 20 Normal Grincement
50%
Niveau 12 Normal Ultrason
50%
Niveau 15 Normal Charge
25%
Aucun quiz correspondant
Distribution des résultats
% des personnes avec chaque résultat
Percentile par nombre de réponses
Votre historique - résultats
Vous n’avez pas pris ce quiz